000 00929cam a2200205 4500
001 WB3828-21
008 020801n2002 000 0 eng u
035 _a(Sirsi) u119158
245 _aConsultation on air transport launched
260 _c2002
490 _aDepartment of Transport Press Notice
_v (024) 23 July 2002, (2)
520 _aTransport Secretary Alistair Darling has launched a public debate on future of air transport and to develop 30 years strategy. Number of airports and runways look set to expand in response to increased demand for air travel. Information about consultation process and copies of all consultation documents can be found at www.airconsult.gov.uk Press Release www.dft.gov.uk/news/0207/0024.htm
590 _aWB
650 _aAIRPORTS
650 _aTRANSPORT POLICIES
650 _aTRANSPORT ISSUES
650 _aCONSULTATION
690 _aTRANSPORT AND COMMUNICATION
942 _n0
999 _c70882
_d70882